| 000 | 00948cam a22002773a 4500 | ||
|---|---|---|---|
| 001 | 33241 | ||
| 003 | PGUSA | ||
| 005 | 20140828083723.0 | ||
| 008 | 100724s2010||||xxu|||||s|||||000 | eng d | ||
| 040 |
_aPGUSA _beng |
||
| 042 | _adc | ||
| 050 | 4 | _aRC | |
| 100 | 1 |
_aAdler, G. J. _q(George J.), _d1821-1868 |
|
| 245 | 1 | 0 |
_aLetters of a Lunatic : _bA Brief Exposition of My University Life, During the Years 1853-54 _h[electronic resource] / _cG. J. Adler |
| 260 |
_bProject Gutenberg, _c2010 |
||
| 506 | _aPublic domain in the USA. | ||
| 516 | _aElectronic text | ||
| 653 | _aPsychiatric hospitals -- New York | ||
| 653 | _aAdler, G.J (George J.), 1821-1868 -- Correspondence | ||
| 653 | _aMentally ill -- Commitment and detention | ||
| 653 | _aBloomingdale Asylum for the Insane | ||
| 653 | _aMental illness -- Personal narratives | ||
| 830 | 0 |
_aProject Gutenberg _v33241 |
|
| 856 | 4 | 0 | _uhttp://www.gutenberg.org/ebooks/33241 |
| 942 | _cEB | ||
| 999 |
_c262496 _d262496 |
||